Honduras elecciones generales /

Gardado en:
Detalles Bibliográficos
Autor Principal: Posas, Mario
Formato: Texto
Etiquetas: Engadir etiqueta
Sen Etiquetas, Sexa o primeiro en etiquetar este rexistro!

MARC

LEADER 00000 a a2200000 04500
001 47476
003
040
100 |a Posas, Mario  
245 |a Honduras elecciones generales /  |c Mario Posas  
773 |g número1, (1994), páginas 69-74  
999 |c 38555  |d 38555